|
|
|
|
| LEADER |
00587nam a22001571a 4500 |
| 020 |
|
|
|a 9780745610771
|
| 082 |
|
|
|a 300.094
|b JUR/S
|
| 100 |
|
|
|a Jurgen Habermas
|9 169773
|
| 245 |
|
|
|a The structural transformation of the public sphere/
|c by Jurgen Habermas
|
| 260 |
|
|
|a Cambridge:
|b Polity press,
|c 1992.
|
| 300 |
|
|
|a 301p.
|
| 650 |
|
|
|a Social Studies Europe
|9 169774
|
| 650 |
|
|
|a Social Sciences
|9 169775
|
| 942 |
|
|
|c BK
|
| 999 |
|
|
|c 44396
|d 44396
|
| 952 |
|
|
|0 0
|1 0
|4 0
|6 300_094000000000000_JUR_S
|7 0
|9 64222
|a SSUS
|b SSUS
|d 2015-01-08
|g 1080.77
|l 3
|o 300.094 JUR/S
|p 037414
|r 2019-10-01
|s 2019-08-21
|v 0.00
|w 2015-01-08
|y BK
|